DUMB People quizz!!?? - Statistics

General Stats
  • This quiz has been taken 33 times
    10 since last reset
  • The average score is 10 of 16
Answer Stats
Questions Answers % Correct
How many feet are in 1 square foot? 1
100%
How many stripes are on the USA flag? 13
90%
who was thefirst president of the USA? george washington
90%
How many states are there in the USA? 50
80%
what was made firstthe color orange or the fruit? fruit
70%
what is stronger fire or water? Water
70%
1+1=WHAT what
70%
where does leather come from? Animals
60%
What colors make blue? blue is a
primary color
60%
Where does maple come from? Trees
60%
Is fire considered part of nature? YES
60%
what is the thing called that caterpillars make before they turn into butterflies? Cocoon
50%
with regards to lions what does PRIDE mean? group of lions
50%
What elephant looking animal went extinct? Mammoth
50%
what country wasadded as a state to the USA? None
20%
If a rooster lays an egg in your neighbors yardwhose egg is it? No ones/roosters don't lay eggs.
10%
No matching quizzes found
Score Distribution
Percent of People with Each Score
Percentile by Number Answered
Your Score History
You have not taken this quiz since the last reset